• 首页
  • 本馆介绍
  • 公告通知
  • 最新文献
  • 馆藏检索
  • 电子资源
  • 读者导购
  • 参考咨询
  • 我的图书馆
  • 登录
  • 详细信息显示
  • 放入我的书架
  • 预约/预借图书
  • 作者相关作品
  • 分类相关作品
  • 丛书相关作品
  • 出版社相关作品

书目信息

  • 表格格式
  • 工作单格式
  • 卡片格式
题名:
从X射线到夸克
    
 
作者: 赛格雷 著 ;夏孝勇 译
分册:  
出版信息: 上海   上海科学技术文献出版社  1984
页数: 345页
开本: 20cm
丛书名:
单 册:
中图分类: O4-09
科图分类:
主题词: 物理学
电子资源:
ISBN:
000 00778nam0 2200217 45
001 0312221749
005 20060420173757.18
010    @dCNY1.38
091    @a13192.61
100    @a20031222d1984 km y0chiy0120 ea
101    @achi
200 1  @a从X射线到夸克@ACong X She Xian Dao Kua Ke@e近代物理学家和他们的发现@EJin Dai Wu Li Xue Jia He Ta Men De Fa Xian@f(美)埃米里奥·赛格雷著@F(mei)ai mi li ao·sai ge lei zhu@g夏孝勇等译@Gxia xiao yong deng yi
210    @a上海@c上海科学技术文献出版社@d1984
215    @a345页@d20cm
517    @a近代物理学家和他们的发现@AJin Dai Wu Li Xue Jia He Ta Men De Fa Xian
606 0  @a物理学
690    @aO4-09@v3
701 0  @a赛格雷@Asai ge lei@4著
702 0  @a夏孝勇@Axia xiao yong@4译
801    @aCN@bTSTCL@c20060420
905    @dO4-09@e114
    
    从X射线到夸克:近代物理学家和他们的发现/(美)埃米里奥·赛格雷著/夏孝勇等译.-上海:上海科学技术文献出版社,1984
    345页;20cm
    
    
    ISBN :CNY1.38
    
●
相关链接 在E读中查询图书 在五车中查询图书 在当当中查询图书 在豆瓣中查询图书


正题名:从X射线到夸克     索取号:O4-09/114         预约/预借

序号 登录号 条形码 馆藏地/架位号 状态 备注
1 0132254   202277669   密集书库/ [索取号:O4-09/114] 在馆    
2 0132255   000392916   第三借阅区/ [索取号:O4-09/114] 在馆    
3 0135256   000392925   第二样本阅览室/ [索取号:O4-09/114] 在馆    
唐山师范学院图书馆 欢迎您!
大连网信软件有限公司© 版权所有